000
00319nam a22001337a 4500
020
_a
978-93-272-8405-8
041
_a
ENG
100
_a
J. Sehgal
245
_a
A Textbook Of Pedology Conepts and Applications
260
_a
New Delhi
_b
Kalyani Publishers
_c
2018
300
_a
502
650
_a
English
856
_u
Engilsh
999
_c
86
_d
86